[Event "Asker CC-ch"]
[Site "Asker"]
[Date "2011.03.07"]
[Round "5"]
[White "Lund, Petter"]
[Black "Cevro, Felix"]
[Result "1-0"]
[WhiteElo "1574"]
[BlackElo "1411"]
[PlyCount "41"]
[EventDate "2011.01.17"]
[EventType "swiss"]
[EventRounds "9"]
[EventCountry "NOR"]
[SourceTitle "EXT 2024"]
[Source "ChessBase"]
[SourceDate "2023.10.10"]
[SourceVersion "1"]
[SourceVersionDate "2023.10.10"]
[SourceQuality "1"]

1. e4 e5 2. Nf3 Nc6 3. Bb5 Nf6 4. Bxc6 dxc6 5. Nc3 Bd6 6. d4 exd4 7. Qxd4 Be7 8. Bg5 0-0 9. 0-0-0 Be6 10. Bxf6 Bxf6 11. Qe3 Qe7 12. e5 Bh4 13. g3 Bxg3 14. hxg3 Bg4 15. Qe4 f5 16. Qc4+ Kh8 17. Rxh7+ Kxh7 18. Rh1+ Bh5 19. Rxh5+ Kg6 20. Rh2 Qd8 21. Qe6+ 1-0

[Event "Asker CC-ch"]
[Site "Asker"]
[Date "2011.02.07"]
[Round "3"]
[White "Lilleseth, Eivind"]
[Black "Cevro, Felix"]
[Result "1-0"]
[WhiteElo "1610"]
[BlackElo "1411"]
[PlyCount "43"]
[EventDate "2011.01.17"]
[EventType "swiss"]
[EventRounds "9"]
[EventCountry "NOR"]
[SourceTitle "EXT 2024"]
[Source "ChessBase"]
[SourceDate "2023.10.10"]
[SourceVersion "1"]
[SourceVersionDate "2023.10.10"]
[SourceQuality "1"]

1. f4 d5 2. Nf3 c5 3. e3 Nc6 4. Bb5 Nf6 5. Bxc6+ bxc6 6. b3 Bg4 7. 0-0 e6 8. Qe1 Be7 9. Ne5 Qc7 10. d3 d4 11. e4 0-0 12. Na3 Bd6 13. Nac4 Bxe5 14. fxe5 Nd7 15. Qh4 Be2 16. Rf2 Bxd3 17. cxd3 Nxe5 18. Nxe5 Qxe5 19. Bf4 Qf6 20. Qxf6 gxf6 21. Bh6 Rfe8 22. Rxf6 1-0

[Event "Asker CC-ch B"]
[Site "Asker"]
[Date "2009.05.11"]
[Round "9"]
[White "Yggeseth, Oistein"]
[Black "Cevro, Felix"]
[Result "0-1"]
[WhiteElo "1173"]
[BlackElo "1220"]
[PlyCount "104"]
[EventDate "2009.01.19"]
[EventType "swiss"]
[EventRounds "9"]
[EventCountry "NOR"]
[SourceTitle "EXT 2024"]
[Source "ChessBase"]
[SourceDate "2023.10.10"]
[SourceVersion "1"]
[SourceVersionDate "2023.10.10"]
[SourceQuality "1"]

1. e4 c5 2. Nf3 e6 3. d4 cxd4 4. Nxd4 Bc5 5. Nb3 Nc6 6. Nxc5 Qa5+ 7. Bd2 Qxc5 8. a3 Nf6 9. b4 Qd4 10. Bc3 Qxd1+ 11. Kxd1 Nxe4 12. Be1 d5 13. f3 Nf6 14. Nc3 a6 15. Bf2 b5 16. Bc5 Bb7 17. a4 bxa4 18. Rxa4 Nd7 19. Bd6 Nb6 20. Ra2 Nc4 21. Bc5 a5 22. bxa5 Rxa5 23. Rxa5 N6xa5 24. Nb5 Kd7 25. Bf2 Bc6 26. Nd4 Rb8 27. Ke2 Ba4 28. Kd3 Nb2+ 29. Kd2 Nac4+ 30. Bxc4 Nxc4+ 31. Kd3 g6 32. f4 f6 33. Ra1 e5 34. fxe5 fxe5 35. Rxa4 Nb2+ 36. Kd2 Nxa4 37. Nf3 Re8 38. Bg3 e4 39. Ng5 Re7 40. Ke3 h6 41. Nh3 g5 42. Bf2 Nb2 43. Bg3 Kc6 44. Be1 Nc4+ 45. Ke2 d4 46. Bf2 Kd5 47. Bg3 Nb2 48. Nf2 Kc4 49. Ng4 d3+ 50. cxd3+ exd3+ 51. Kd2 Re2+ 52. Kc1 d2+ 0-1